[Event "TCh-HUN 2008-9"]
[Site "Budapest HUN"]
[Date "2009.04.05"]
[Round "10"]
[White "Polgar,S"]
[Black "Fusthy,Z"]
[Result "1/2-1/2"]
[WhiteElo "2459"]
[BlackElo "2323"]

1.e4 c6 2.d4 d5 3.exd5 cxd5 4.c4 Nf6 5.Nc3 Nc6 6.Nf3 Bg4 7.cxd5 Nxd5 8.Qb3 Bxf3
9.gxf3 e6 10.Qxb7 Nxd4 11.Bb5+ Nxb5 12.Qc6+ Ke7 13.Qxb5 Qd7 14.Nxd5+ Qxd5
15.Qxd5 exd5 16.Be3 Ke6 17.Ke2 Bd6 18.Kd3 f6 19.h3 Rhc8 20.Rac1 a6 21.Rhg1 g5
22.Rxc8 Rxc8 23.Rg4 Be5 24.Ra4 Rc6 25.Bd4 Bd6 26.Be3 Be5 27.Rb4 h5 28.a4 Kf5
29.Bd4 a5 30.Rb5  1/2-1/2

[Event "TCh-ISR"]
[Site "Israel ISR"]
[Date "2010.02.05"]
[Round "3"]
[White "Botvinnik,M ISR"]
[Black "Polgar,S"]
[Result "1/2-1/2"]
[WhiteElo "2339"]
[BlackElo "2457"]

1.d4 Nf6 2.c4 c5 3.d5 b5 4.cxb5 a6 5.b6 a5 6.Nc3 Ba6 7.e4 Bxf1 8.Kxf1 d6
9.Nf3 Nbd7 10.Qa4 Qxb6 11.e5 dxe5 12.Nxe5 Rc8 13.Bg5 Qb4 14.Bxf6 Qxa4 15.Nxa4 Nxf6
16.Rd1 g6 17.Ke2 Bg7 18.Nb6 Rc7 19.Nec4 Ne4 20.Kf3 f5 21.d6 exd6 22.Nxd6+ Nxd6
23.Rxd6 Bxb2 24.Rb1 Bd4 25.Nd5 Ra7 26.Rbb6 Kf7 27.Nf4 Be5 28.Rdc6 Bxf4 29.Kxf4 Re8
30.Kf3 Rd7 31.Rxc5 Rd3+ 32.Kf4 Re4+ 33.Kg5 Rd7 34.f3 Ra4 35.g4 fxg4 36.fxg4 Rxa2
37.h4 Kg7 38.h5 h6+ 39.Kf4 Ra4+ 40.Kf3 Ra3+ 41.Ke2 gxh5 42.gxh5 Ra2+ 43.Ke3 Ra3+
44.Ke2 Ra2+  1/2-1/2

[Event "3rd Thanksgiving Open"]
[Site "Saint Louis USA"]
[Date "2012.11.23"]
[Round "1.5"]
[White "Polgar-Shutzman,Tom"]
[Black "Boros,De"]
[Result "0-1"]
[WhiteElo "2046"]
[BlackElo "2494"]

1.e4 d6 2.Nc3 Nf6 3.f4 c6 4.d3 g6 5.Nf3 Bg7 6.g3 b5 7.Bg2 b4 8.Ne2 Qb6 9.d4 Nxe4
10.O-O O-O 11.Be3 a5 12.Re1 Nd7 13.c4 bxc3 14.Nxc3 Nxc3 15.bxc3 Qc7 16.Rb1 Nb6
17.Qb3 Nd5 18.Nh4 Be6 19.Qc2 Rab8 20.Rxb8 Rxb8 21.f5 Nxe3 22.Rxe3 Bc4 23.fxg6 hxg6
24.Qe4 e6 25.Qxc6 Rb1+  0-1

[Event "3rd Thanksgiving Open"]
[Site "Saint Louis USA"]
[Date "2012.11.26"]
[Round "6.10"]
[White "Polgar-Shutzman,Tom"]
[Black "Neimer,V"]
[Result "1-0"]
[WhiteElo "2046"]
[BlackElo "2411"]

1.e4 c5 2.Nc3 e6 3.g3 Nc6 4.Bg2 g6 5.d3 Bg7 6.f4 d6 7.Nf3 Nge7 8.O-O O-O
9.Be3 Rb8 10.a4 a6 11.g4 f5 12.h3 b5 13.axb5 axb5 14.e5 fxg4 15.hxg4 Nd5
16.Nxd5 exd5 17.Ng5 Ne7  1-0

[Event "Chicago Open 2013"]
[Site "Wheeling USA"]
[Date "2013.05.23"]
[Round "1.30"]
[White "Fernandez,Dani"]
[Black "Polgar-Shutzman,Tom"]
[Result "1-0"]
[WhiteElo "2396"]
[BlackElo "2102"]

1.d4 Nf6 2.c4 g6 3.Nc3 Bg7 4.Bg5 O-O 5.Nf3 d6 6.e3 Nbd7 7.Be2 h6 8.Bh4 c5
9.d5 a6 10.a4 Qa5 11.O-O Qb4 12.Qc2 Re8 13.Nd2 Ne5 14.a5 Bd7 15.Bxf6 Bxf6
16.f4 Nc6 17.dxc6 Bxc6 18.Nb3 b5 19.axb6 Qxb6 20.Na5 Rab8 21.Nxc6 Qxc6 22.Ra2 Bxc3
23.Qxc3 f5 24.Rfa1 Qb6 25.Bd1 e5 26.b3 Ra8 27.Bf3 Rab8 28.Bd5+ Kh8 29.Rxa6 Qxb3
30.Qxb3 Rxb3 31.Rxd6 Rxe3 32.fxe5 R3xe5 33.Rxg6 Kh7 34.Rc6  1-0

[Event "DC International"]
[Site "Arlington USA"]
[Date "2013.06.28"]
[Round "3.18"]
[White "Mo,Kevin"]
[Black "Polgar-Shutzman,Tom"]
[Result "1-0"]
[WhiteElo "2273"]
[BlackElo "2075"]

1.e4 c5 2.Nf3 Nc6 3.d4 cxd4 4.Nxd4 g6 5.c4 Nf6 6.Nc3 Nxd4 7.Qxd4 d6 8.Be3 Bg7
9.Rd1 Qa5 10.Be2 O-O 11.Qd2 Be6 12.O-O Rfc8 13.b3 a6 14.Na4 Qxd2 15.Bxd2 Nd7
16.f4 f5 17.exf5 Bxf5 18.Bf3 Rab8 19.Nc3 b5 20.Nd5 Bd4+ 21.Kh1 Kf8 22.Rfe1 bxc4
23.Nxe7 Bc2 24.Nxc8 Bxd1 25.Rxd1 Rxc8 26.Bg4 Rc7 27.Bxd7 Rxd7 28.Bb4 Be3
29.Rxd6 Rxd6 30.Bxd6+ Ke8 31.bxc4 Kd7 32.c5 Kc6 33.g4 a5 34.Kg2 a4 35.Kf3 Bg1
36.f5 gxf5 37.gxf5 Bxc5 38.Bxc5 Kxc5 39.Kf4 Kd6 40.a3 h6 41.Ke4 Ke7 42.Ke5 Kf7
43.f6 h5 44.h4 Kf8 45.Kf5 Kf7 46.Kg5 Kf8 47.Kxh5 Kf7 48.Kg5 Kg8 49.Kg6 Kh8
50.Kf7  1-0

[Event "DC International"]
[Site "Arlington USA"]
[Date "2013.06.28"]
[Round "4.27"]
[White "Moazami,Amir"]
[Black "Polgar-Shutzman,Tom"]
[Result "1-0"]
[WhiteElo "1957"]
[BlackElo "2075"]

1.e4 c5 2.Nf3 Nc6 3.d4 cxd4 4.Nxd4 g6 5.c4 Nf6 6.Nc3 Nxd4 7.Qxd4 d6 8.Be2 Bg7
9.O-O O-O 10.Qd3 Be6 11.Bd2 Nd7 12.b3 Nc5 13.Qc2 Rc8 14.Rac1 f5 15.Bf3 Qe8
16.Nd5 h6 17.Rce1 Kh7 18.Nf4 Bd7 19.h4 e5 20.Nd5 f4 21.Kh2 Qe6 22.Rh1 Bf6
23.Kg1 Kg7 24.g3 g5 25.gxf4 gxf4 26.Kf1 Kh7 27.Nxf4 exf4 28.e5+ Qf5 29.Qxf5+ Bxf5
30.exf6 Bd3+ 31.Be2 Bxe2+ 32.Rxe2 Rxf6 33.Re7+ Kg6 34.Rg1+ Kh5 35.f3 Re6
36.Rf7 Nd3 37.Rf5+ Kxh4 38.Rg4+  1-0

[Event "DC International"]
[Site "Arlington USA"]
[Date "2013.06.29"]
[Round "5.31"]
[White "Polgar-Shutzman,Tom"]
[Black "Avirneni,Saithanusri"]
[Result "1/2-1/2"]
[WhiteElo "2075"]
[BlackElo "1818"]

1.e4 e6 2.d3 d5 3.Nd2 Nf6 4.Ngf3 Be7 5.g3 b6 6.Bg2 Bb7 7.e5 Nfd7 8.O-O c5
9.Re1 Nc6 10.Qe2 Qc7 11.Nf1 O-O-O 12.c3 Kb8 13.Be3 Ka8 14.d4 c4 15.Bg5 h6
16.Bxe7 Nxe7 17.Rec1 Rc8 18.b3 Rhd8 19.N3d2 Ba6 20.Rab1 Nb8 21.Qh5 Ng6 22.Ne3 b5
23.b4 Qd7 24.f4 Qe8 25.Rf1 Ne7 26.Qh3 Rc6 27.a4 Rc7 28.axb5 Bxb5 29.g4 Ng8
30.Rbe1 Nc6 31.Nc2 Ba4 32.Na3 Kb8 33.Rb1 Kc8 34.Qe3 Nb8 35.Rb2 Bb5 36.Ra1 Qc6
37.Rba2 Rdd7 38.Nxb5 Qxb5 39.Ra5 Qb6 40.Kh1 Ne7 41.Bh3 Nec6 42.R5a4 Re7 43.Qf2 Kd8
44.Kg2 Rb7 45.Nf3 Kc8 46.Nh4 g6 47.Nf3 Qd8 48.Qh4 Qf8 49.Ne1 a6 50.Nc2 Na7
51.Ne3 Kd8 52.Kg1 Nb5 53.Rc1 Ke8 54.Bg2 Red7 55.Bf3 Rbc7 56.Ra5 Qg7 57.g5 h5
58.Bd1 Ra7 59.Qf2 Nc6 60.Ra4 Qg8 61.Qb2 Ke7 62.Rca1 Qc8 63.h4 Nb8 64.Bf3 Qc7
65.Nc2 Qb6 66.Ne3 Kd8 67.Kg2 Ke8 68.Nd1 Kd8 69.Kh2 Kc8 70.Ne3 Qd8 71.Ra5 Qb6
72.Kg2 Kd8 73.R5a4 Kc8 74.Kf2 Kd8 75.Ke2 Kc8 76.Kd1 Kd8 77.Ke2 Kc8 78.Kf1 Kd8
79.Kg2 Kc8 80.f5 Kd8 81.Kg3 Kc8 82.f6 Kd8 83.Ng2 Kc8 84.Nf4 Qd8 85.Ra5 Qh8
86.Bd1 Qd8 87.Kh3 Rdb7 88.Qd2 Rd7 89.Ne2 Rdb7 90.Qa2 Qb6 91.Kg3 Qc6 92.Qc2 Qb6
93.Qd2 Nc6 94.R5a4 Nb8 95.Nf4 Qd8 96.Qc2 Qg8 97.Kh3 Kd8 98.Ra5 Kc8 99.Qd2 Qd8
100.Qc2 Qg8 101.Kg3 Kd8 102.Bf3 Rd7 103.Qd2 Kc8 104.Bd1 Rdb7 105.Kh3 Qd8
106.Ng2 Qb6 107.R5a4 Qd8 108.Ne3 Qb6 109.Ng2 Qd8 110.Be2 Qb6 111.Ne3 Qc7
112.Ng2 Qb6 113.Kg3  1/2-1/2

[Event "DC International"]
[Site "Arlington USA"]
[Date "2013.06.29"]
[Round "6.28"]
[White "Badamkhand,Norovsambuu"]
[Black "Polgar-Shutzman,Tom"]
[Result "1/2-1/2"]
[WhiteElo "1948"]
[BlackElo "2075"]

1.d4 Nf6 2.c4 g6 3.Nc3 Bg7 4.Nf3 O-O 5.e4 d6 6.Be2 e5 7.dxe5 dxe5 8.Qxd8 Rxd8
9.Bg5 Re8 10.Nd5 Nxd5 11.cxd5 c6 12.Bc4 cxd5 13.Bxd5 Nc6 14.O-O Be6 15.Rfd1 Nd4
16.Be3 Bxd5 17.exd5 Nxf3+ 18.gxf3 Red8 19.Rac1 Rd7 20.d6 b6 21.Rc7 Rad8 22.Rdc1 f5
23.Bg5 Rxc7 24.Rxc7 Rxd6 25.Rc8+ Kf7 26.Rc7+ Kg8 27.Rc8+  1/2-1/2

[Event "DC International"]
[Site "Arlington USA"]
[Date "2013.06.30"]
[Round "7.28"]
[White "Polgar-Shutzman,Tom"]
[Black "Yagiz,B"]
[Result "0-1"]
[WhiteElo "2075"]
[BlackElo "1916"]

1.e4 c5 2.Nf3 e6 3.g3 Nc6 4.Bg2 d5 5.exd5 exd5 6.d4 Nf6 7.O-O cxd4 8.Nxd4 Be7
9.Nc3 O-O 10.Re1 Bg4 11.Qd3 Re8 12.Bg5 Nxd4 13.Qxd4 Be6 14.Rad1 Qa5 15.Qd3 a6
16.Bxf6 Bxf6 17.Nxd5 Bxb2 18.Qb3 Bd4 19.c3 Bc5 20.Qxb7 Rab8 21.Qc7 Qa3 22.Qf4 Bd6
23.Nf6+ gxf6 24.Qxd6 Qxc3 25.Qxa6 Bc4 26.Rxe8+ Rxe8 27.Qd6 Re1+ 28.Bf1 Bxf1
29.h4 Be2+ 30.Rxe1 Qxe1+ 31.Kh2 Qxf2+ 32.Kh3 Qf5+ 33.Kh2 Qf2+ 34.Kh3 Bf1+
35.Kg4 Qe2+ 36.Kf4 Qf2+ 37.Kg4 Qe2+ 38.Kf4 Qc4+ 39.Kf5 Bh3+ 40.Kxf6 Qf1+
41.Ke7 Qe2+ 42.Kf6 Qb2+ 43.Ke7 Qb7+ 44.Kf6 Qf3+ 45.Ke7 Qe4+ 46.Kf6 Qg6+ 47.Ke7 Qxd6+
48.Kxd6 Kg7 49.Ke5 Kg6 50.Kf4 h5 51.a4 Bd7 52.a5 Bc8 53.Ke5 f6+ 54.Ke4 Ba6
55.Kf4 Bc8 56.Ke4 Kf7 57.Kf4 Ke7 58.Kf3 Kd6 59.Ke4 Kc5 60.a6 Kb6 61.Kd5 Kxa6
62.Kd6 Bg4 63.Kc6 f5 64.Kc5 Kb7 65.Kb5 Kc7 66.Kc5 Kd7 67.Kd5 Bh3 68.Ke5 Kc6
69.Kd4 Kd6 70.Kd3 Ke5 71.Ke3 Bg4 72.Kf2 Ke4 73.Kg2 Ke3 74.Kh1 Kf3 75.Kh2 Kf2
76.Kh1 Kxg3  0-1

[Event "DC International"]
[Site "Arlington USA"]
[Date "2013.07.01"]
[Round "9.25"]
[White "Sinha,Sahil"]
[Black "Polgar-Shutzman,Tom"]
[Result "1/2-1/2"]
[WhiteElo "1898"]
[BlackElo "2075"]

1.d4 Nf6 2.c4 g6 3.Nc3 Bg7 4.e4 d6 5.Nf3 O-O 6.Be2 e5 7.O-O Nc6 8.d5 Ne7
9.Ne1 Nd7 10.Be3 f5 11.f3 f4 12.Bf2 g5 13.Rc1 Nf6 14.c5 Ne8 15.cxd6 cxd6
16.Qb3 Rf7 17.Nb5 b6 18.Nxa7 Rxa7 19.Bxb6 Qd7 20.Bb5 Qb7 21.Bxe8 Rf8 22.Bc6 Qb8
23.Bxa7 Qxa7+ 24.Kh1 h5 25.Qa3 Qc7 26.Nd3 Qb8 27.Qa4 Qb6 28.b4 Qe3 29.Qc2 g4
30.Rfe1 Qd4 31.Qc3 Qa7 32.b5 g3 33.Ra1 Ng6 34.h3 Qe7 35.Qb2 Qh4 36.Kg1 Bxh3
37.gxh3 Qxh3 38.Qg2 Qxg2+ 39.Kxg2 Nh4+ 40.Kh3 Nxf3 41.Rh1 Ng5+ 42.Kg2 Nxe4
43.Ne1 Nc5 44.Rxh5 e4 45.Rg5 Kh7 46.Rxg7+ Kxg7 47.b6 Rh8 48.Nf3 Kf6 49.Rc1 exf3+
50.Kxf3 Kf5 51.Rc2 Nd3  1/2-1/2

[Event "SPICE Cup Open 2013"]
[Site "St Louis USA"]
[Date "2013.10.19"]
[Round "8.22"]
[White "Nieto,M"]
[Black "Polgar-Shutzman,Tom"]
[Result "1/2-1/2"]
[WhiteElo "2014"]
[BlackElo "2054"]

1.Nf3 Nf6 2.c4 g6 3.Nc3 Bg7 4.d4 O-O 5.Bf4 d6 6.e3 Nbd7 7.h3 b6 8.Be2 Bb7
9.O-O Re8 10.Qc2 e5 11.Bh2 exd4 12.exd4 Ne4 13.Rad1 Ng5 14.d5 Nc5 15.Bf4 Nge4
16.Be3 Nxc3 17.bxc3 Ne4 18.Nd4 Qd7 19.Bf3 Nc5 20.Rfe1 Ba6 21.Bg4 Qa4 22.Qxa4 Nxa4
23.Bd7 Nxc3 24.Rd3 Re7 25.Bc6 Rf8 26.Rxc3 Bxd4 27.Ra3 Bxc4 28.Ra4 b5 29.Bxb5 Bc3
30.Rb1 Bxd5 31.Rc1 c6 32.Rxc3 cxb5 33.Ra6 b4 34.Rc2 b3 35.axb3 Bxb3 36.Rb2 Bc4
37.Rxa7 Rxa7 38.Bxa7 d5 39.Bd4 Ra8 40.Bf6 Ba6 41.Rb6 Bc4 42.h4 h6 43.Rb7 Re8
44.g3 Bd3 45.Rd7 Be4 46.Kh2 Bf3 47.Rd6 h5 48.Rd7 Rc8 49.Re7 Rb8 50.Ra7 Re8
51.Rd7 g5 52.g4 Bxg4 53.Rxd5 gxh4 54.Bxh4 Re6 55.Kg3 Rg6 56.Rg5 Rxg5 57.Bxg5 Kg7
58.Bd8 Kg6 59.f4 Kf5 60.Bc7 Ke4 61.Bb8 f5 62.Bc7  1/2-1/2